000 00296nam a2200109Ia 4500
008 190216s9999||||xx |||||||||||||| ||und||
100 _aHakim Sayed Abdul Hai
245 0 _aIndia Ruling Muslim Rules
260 _bAcademy Of Islamic Research And Publicat
650 _aIslamic History
942 _cBK
999 _c22235
_d22235